00670nam a22001577a 450000500170000000800410001704000270005804100080008504400070009324500900010026001070019030000730029765000300037065000300040071000820043020200212111815.0160316s ck bo fr|||| 00| 0 spa d aCO-BoIAVH cCO-BoIAVH 0 aspa ack00aInsumos para la delimitación de ecosistemas estratégicos :bPáramos y humedales a[Bogotá?] :bInstituto de Investigación de Recursos Biológicos Alexander von Humboldt,c[2012?]. a1 plegable :bmapas y fotografías a color ;c30 x 22 centímetros 4aPáramosxdelimitación 4aHumedalesxdelimitación2 aInstituto de Investigación de Recursos Biológicos Alexander von Humboldt.